[Event "2024 National Elementary (K-6) Championship"]
[Site "Columbus, Ohio, United States"]
[Date "2024.04.27"]
[Round "5.1"]
[White "Yue, Tariq"]
[Black "Jammalamadaka, Vihaan"]
[Result "1/2-1/2"]
[TimeControl "G/90; d10"]
[WhiteFideId "30975182"]
[BlackFideId "30977134"]
[WhiteElo "2073"]
[BlackElo "2055"]

1. Nf3 {[%clk 01:30:00]} {[%emt 00:00:11]} Nf6 {[%clk 01:29:58]} {[%emt
00:00:23]} 2. b3 {[%clk 01:29:42]} {[%emt 00:00:16]} g6 {[%clk 01:29:40]}
{[%emt 00:00:24]} 3. Bb2 {[%clk 01:29:42]} {[%emt 00:00:10]} Bg7 {[%clk
01:29:40]} {[%emt 00:00:09]} 4. g3 {[%clk 01:29:19]} {[%emt 00:00:33]} O-O
{[%clk 01:29:35]} {[%emt 00:00:16]} 5. Bg2 {[%clk 01:29:19]} {[%emt 00:00:05]}
d6 {[%clk 01:29:14]} {[%emt 00:00:31]} 6. d3 {[%clk 01:28:19]} {[%emt
00:01:10]} c5 {[%clk 01:27:41]} {[%emt 00:01:42]} 7. e4 {[%clk 01:26:16]}
{[%emt 00:02:14]} Nc6 {[%clk 01:26:39]} {[%emt 00:01:11]} 8. O-O {[%clk
01:26:16]} {[%emt 00:00:11]} e5 {[%clk 01:23:28]} {[%emt 00:03:20]} 9. Nbd2
{[%clk 01:23:31]} {[%emt 00:02:55]} h6 {[%clk 01:21:19]} {[%emt 00:02:18]} 10.
h3 {[%clk 01:19:53]} {[%emt 00:03:50]} Be6 {[%clk 01:20:13]} {[%emt 00:01:15]}
11. c4 {[%clk 01:16:32]} {[%emt 00:03:33]} Qd7 {[%clk 01:18:42]} {[%emt
00:01:40]} 12. Kh2 {[%clk 01:16:24]} {[%emt 00:00:18]} a6 {[%clk 01:17:52]}
{[%emt 00:00:59]} 13. a4 {[%clk 01:13:43]} {[%emt 00:02:52]} Rab8 {[%clk
01:16:43]} {[%emt 00:01:19]} 14. a5 {[%clk 01:13:17]} {[%emt 00:00:37]} Kh7
{[%clk 01:14:22]} {[%emt 00:02:29]} 15. Ng1 {[%clk 01:11:12]} {[%emt 00:02:15]}
Ng8 {[%clk 01:12:20]} {[%emt 00:02:11]} 16. g4 {[%clk 01:00:57]} {[%emt
00:10:27]} Nge7 {[%clk 01:11:02]} {[%emt 00:01:28]} 17. Ne2 {[%clk 00:58:35]}
{[%emt 00:02:32]} g5 {[%clk 01:01:52]} {[%emt 00:09:20]} 18. Bc3 {[%clk
00:54:50]} {[%emt 00:03:55]} Ng6 {[%clk 00:58:07]} {[%emt 00:03:55]} 19. Nf3
{[%clk 00:53:02]} 1/2-1/2

[Event "2024 National Elementary (K-6) Championship"]
[Site "Columbus, Ohio, United States"]
[Date "2024.04.27"]
[Round "5.2"]
[White "Zhao, Austin"]
[Black "Karthi, Jashith"]
[Result "1/2-1/2"]
[TimeControl "G/90; d10"]
[WhiteFideId "39921786"]
[BlackFideId "30983029"]
[WhiteElo "1852"]
[BlackElo "2188"]

1. e4 {[%clk 01:30:00]} {[%emt 00:00:01]} e5 {[%clk 01:30:00]} {[%emt
00:00:03]} 2. Nf3 {[%clk 01:30:00]} {[%emt 00:00:06]} Nc6 {[%clk 01:30:00]}
{[%emt 00:00:06]} 3. Bb5 {[%clk 01:30:00]} {[%emt 00:00:20]} a6 {[%clk
01:30:00]} {[%emt 00:00:08]} 4. Ba4 {[%clk 01:29:59]} {[%emt 00:00:05]} Nf6
{[%clk 01:30:00]} {[%emt 00:00:02]} 5. O-O {[%clk 01:29:59]} {[%emt 00:00:04]}
b5 {[%clk 01:30:00]} {[%emt 00:00:08]} 6. Bb3 {[%clk 01:29:59]} {[%emt
00:00:05]} Bc5 {[%clk 01:30:00]} {[%emt 00:00:05]} 7. c3 {[%clk 01:29:50]}
{[%emt 00:00:20]} d6 {[%clk 01:30:00]} {[%emt 00:00:07]} 8. d4 {[%clk
01:29:50]} {[%emt 00:00:05]} Bb6 {[%clk 01:30:00]} {[%emt 00:00:05]} 9. a4
{[%clk 01:29:50]} {[%emt 00:00:05]} Rb8 {[%clk 01:29:53]} {[%emt 00:00:17]} 10.
a5 {[%emt 00:00:18]} Ba7 {[%clk 01:29:53]} {[%emt 00:00:03]} 11. h3 {[%emt
00:01:04]} O-O {[%emt 00:00:16]} 12. Re1 {[%clk 01:29:16]} {[%emt 00:00:30]} h6
{[%clk 01:27:16]} {[%emt 00:01:50]} 13. Be3 {[%clk 01:28:12]} {[%emt 00:01:15]}
Re8 {[%clk 01:26:19]} {[%emt 00:01:07]} 14. Nbd2 {[%clk 01:26:10]} {[%emt
00:02:13]} Bb7 {[%clk 01:23:15]} {[%emt 00:03:13]} 15. d5 {[%clk 01:25:23]}
{[%emt 00:00:58]} Bxe3 {[%clk 01:23:05]} {[%emt 00:00:20]} 16. Rxe3 {[%clk
01:24:08]} {[%emt 00:01:24]} Ne7 {[%clk 01:23:01]} {[%emt 00:00:14]} 17. Nf1
{[%clk 01:22:42]} {[%emt 00:01:37]} c6 {[%clk 01:21:17]} {[%emt 00:01:53]} 18.
dxc6 {[%clk 01:17:33]} {[%emt 00:05:20]} Nxc6 {[%clk 01:19:23]} {[%emt
00:02:03]} 19. Ng3 {[%clk 01:16:02]} {[%emt 00:01:42]} Nxa5 {[%clk 01:18:03]}
{[%emt 00:01:30]} 20. Ba2 {[%clk 01:15:33]} {[%emt 00:00:39]} Qc7 {[%clk
01:15:48]} {[%emt 00:02:23]} 21. Nf5 {[%clk 01:12:24]} {[%emt 00:03:20]} Rbd8
{[%clk 01:12:12]} {[%emt 00:03:45]} 22. Qe2 {[%clk 01:11:22]} {[%emt 00:01:14]}
Nc4 {[%clk 00:45:53]} {[%emt 00:26:29]} 23. Bxc4 {[%clk 01:10:04]} {[%emt
00:01:27]} Qxc4 {[%clk 00:44:14]} {[%emt 00:01:49]} 24. Qxc4 {[%clk 01:08:40]}
{[%emt 00:01:35]} bxc4 {[%clk 00:44:14]} {[%emt 00:00:03]} 25. Nd2 {[%clk
01:08:40]} {[%emt 00:00:05]} d5 {[%clk 00:39:13]} {[%emt 00:05:11]} 26. exd5
{[%emt 00:01:15]} Bc8 {[%clk 00:38:08]} {[%emt 00:01:14]} 27. Ng3 {[%clk
01:02:38]} {[%emt 00:05:08]} Nxd5 {[%clk 00:37:54]} {[%emt 00:00:23]} 28. Ree1
{[%clk 01:01:14]} {[%emt 00:01:34]} Nb4 {[%clk 00:36:22]} {[%emt 00:01:42]} 29.
Red1 {[%clk 01:00:01]} {[%emt 00:01:24]} Nd3 {[%clk 00:30:31]} {[%emt
00:06:00]} 30. Nxc4 {[%clk 00:59:51]} {[%emt 00:00:20]} f5 {[%clk 00:29:25]}
{[%emt 00:01:16]} 31. Ra5 {[%clk 00:57:35]} {[%emt 00:02:27]} e4 {[%clk
00:18:49]} {[%emt 00:10:45]} 32. Nxf5 {[%clk 00:56:18]} {[%emt 00:01:27]} Rf8
{[%clk 00:17:25]} {[%emt 00:01:34]} 33. Ne7+ {[%clk 00:51:02]} {[%emt
00:05:27]} Kh7 {[%clk 00:17:14]} {[%emt 00:00:20]} 34. Nxc8 {[%clk 00:50:11]}
{[%emt 00:01:01]} Rxc8 {[%clk 00:17:14]} {[%emt 00:00:07]} 35. Nd6 {[%clk
00:48:59]} {[%emt 00:01:22]} Nxb2 {[%clk 00:16:26]} {[%emt 00:00:59]} 36. Rb1
{[%clk 00:48:22]} {[%emt 00:00:47]} Nc4 {[%clk 00:15:19]} {[%emt 00:01:16]} 37.
Nxc4 {[%clk 00:47:19]} {[%emt 00:01:13]} Rxc4 {[%clk 00:15:15]} {[%emt
00:00:15]} 38. Rxa6 {[%clk 00:47:19]} {[%emt 00:00:05]} Rxc3 {[%clk 00:15:13]}
{[%emt 00:00:11]} 39. Ra2 {[%clk 00:47:19]} {[%emt 00:00:09]} e3 {[%clk
00:14:59]} {[%emt 00:00:24]} 40. fxe3 {[%clk 00:47:19]} {[%emt 00:00:10]} Rxe3
{[%clk 00:14:59]} {[%emt 00:00:05]} 41. Rf2 {[%clk 00:47:19]} {[%emt 00:00:05]}
Ree8 {[%clk 00:14:53]} {[%emt 00:00:16]} 42. Rxf8 {[%clk 00:47:07]} {[%emt
00:00:23]} Rxf8 {[%clk 00:14:53]} {[%emt 00:00:04]} 1/2-1/2

[Event "2024 National Elementary (K-6) Championship"]
[Site "Columbus, Ohio, United States"]
[Date "2024.04.27"]
[Round "5.3"]
[White "Muneepeerakul, Analaya"]
[Black "Ramesh, Nehanraj"]
[Result "1/2-1/2"]
[TimeControl "G/90; d10"]
[WhiteFideId "39914518"]
[BlackFideId "25113879"]
[WhiteElo "1854"]
[BlackElo "1943"]

1. e4 {[%clk 01:30:00]} {[%emt 00:00:02]} e6 {[%clk 01:30:00]} {[%emt
00:00:03]} 2. d4 {[%clk 01:30:00]} {[%emt 00:00:07]} d5 {[%clk 01:30:00]}
{[%emt 00:00:07]} 3. e5 {[%clk 01:30:00]} {[%emt 00:00:11]} c5 {[%clk
01:30:00]} {[%emt 00:00:08]} 4. c3 {[%clk 01:30:00]} {[%emt 00:00:05]} Nc6
{[%clk 01:30:00]} {[%emt 00:00:02]} 5. Nf3 {[%clk 01:30:00]} {[%emt 00:00:05]}
Qb6 {[%clk 01:30:00]} {[%emt 00:00:03]} 6. Bd3 {[%clk 01:29:48]} {[%emt
00:00:19]} Bd7 {[%clk 01:30:00]} {[%emt 00:00:05]} 7. O-O {[%clk 01:29:07]}
{[%emt 00:00:51]} cxd4 {[%clk 01:30:00]} {[%emt 00:00:09]} 8. Re1 {[%clk
01:28:23]} {[%emt 00:00:54]} dxc3 {[%clk 01:25:28]} {[%emt 00:04:43]} 9. Nxc3
{[%clk 01:28:09]} {[%emt 00:00:24]} a6 {[%clk 01:25:28]} {[%emt 00:00:05]} 10.
h4 {[%clk 01:26:19]} {[%emt 00:02:00]} Bc5 {[%clk 01:17:17]} {[%emt 00:08:21]}
11. Qe2 {[%clk 01:20:37]} {[%emt 00:05:51]} Nd4 {[%clk 01:07:46]} {[%emt
00:09:41]} 12. Nxd4 {[%clk 01:18:55]} {[%emt 00:01:52]} Bxd4 {[%clk 01:07:46]}
{[%emt 00:00:03]} 13. Bd2 {[%clk 01:16:28]} {[%emt 00:02:37]} Ne7 {[%clk
01:04:57]} {[%emt 00:02:59]} 14. h5 {[%clk 01:13:08]} {[%emt 00:03:30]} Nc6
{[%clk 01:01:38]} {[%emt 00:03:28]} 15. Bf4 {[%clk 01:10:21]} {[%emt 00:02:57]}
Na7 {[%clk 00:54:01]} {[%emt 00:07:47]} 16. Rac1 {[%clk 01:07:55]} {[%emt
00:02:35]} Bc6 {[%clk 00:47:34]} {[%emt 00:06:39]} 17. Bg5 {[%clk 01:05:23]}
{[%emt 00:02:41]} Bb5 {[%clk 00:40:46]} {[%emt 00:06:59]} 18. Nxb5 {[%emt
00:01:47]} Nxb5 {[%clk 00:40:01]} {[%emt 00:00:18]} 19. h6 {[%clk 01:02:16]}
{[%emt 00:02:14]} g6 {[%clk 00:36:07]} {[%emt 00:04:06]} 20. Bf6 {[%clk
01:00:37]} {[%emt 00:01:50]} Rg8 {[%clk 00:35:36]} {[%emt 00:00:41]} 21. Qd2
{[%clk 00:59:05]} {[%emt 00:01:40]} Na7 {[%clk 00:34:43]} {[%emt 00:01:04]} 22.
b4 {[%clk 00:57:48]} {[%emt 00:01:27]} Nc6 {[%clk 00:33:03]} {[%emt 00:01:51]}
23. a3 {[%clk 00:57:00]} {[%emt 00:00:58]} Ne7 {[%clk 00:30:50]} {[%emt
00:02:23]} 24. b5 {[%clk 00:55:11]} {[%emt 00:01:59]} a5 {[%clk 00:30:33]}
{[%emt 00:00:28]} 25. Re2 {[%clk 00:52:45]} {[%emt 00:02:35]} Kd7 {[%clk
00:28:53]} {[%emt 00:01:49]} 26. Qg5 {[%clk 00:43:12]} {[%emt 00:09:43]} Rgc8
{[%clk 00:27:07]} {[%emt 00:01:56]} 27. Bxe7 {[%clk 00:38:35]} {[%emt
00:04:48]} Rxc1+ {[%clk 00:27:06]} {[%emt 00:00:11]} 28. Qxc1 {[%clk 00:38:35]}
{[%emt 00:00:07]} Kxe7 {[%clk 00:27:06]} {[%emt 00:00:05]} 29. Qg5+ {[%clk
00:38:05]} {[%emt 00:00:40]} Ke8 {[%clk 00:26:05]} {[%emt 00:01:11]} 30. Qf6
{[%clk 00:33:47]} {[%emt 00:04:28]} Qd8 {[%clk 00:26:05]} {[%emt 00:00:08]}
1/2-1/2

[Event "2024 National Elementary (K-6) Championship"]
[Site "Columbus, Ohio, United States"]
[Date "2024.04.27"]
[Round "5.4"]
[White "Yu, Vincent Zhiwen"]
[Black "Rallabandi, Krishna K"]
[Result "0-1"]
[TimeControl "G/90; d10"]
[WhiteFideId "39908810"]
[BlackFideId "25959280"]
[WhiteElo "1875"]
[BlackElo "2046"]

1. e4 {[%clk 01:30:00]} e5 {[%clk 01:30:00]} {[%emt 00:00:05]} 2. Nf3 {[%clk
01:30:00]} {[%emt 00:00:06]} Nc6 {[%clk 01:30:00]} {[%emt 00:00:07]} 3. Bb5
{[%clk 01:30:00]} {[%emt 00:00:09]} a6 {[%clk 01:30:00]} {[%emt 00:00:09]} 4.
Ba4 {[%clk 01:30:00]} {[%emt 00:00:05]} Nf6 {[%clk 01:30:00]} {[%emt 00:00:03]}
5. O-O {[%clk 01:30:00]} {[%emt 00:00:03]} b5 {[%clk 01:30:00]} {[%emt
00:00:02]} 6. Bb3 {[%clk 01:30:00]} {[%emt 00:00:03]} Bc5 {[%clk 01:30:00]}
{[%emt 00:00:01]} 7. c3 {[%clk 01:29:31]} {[%emt 00:00:39]} d6 {[%clk
01:30:00]} {[%emt 00:00:08]} 8. d4 {[%clk 01:29:23]} {[%emt 00:00:18]} Bb6
{[%clk 01:30:00]} {[%emt 00:00:06]} 9. h3 {[%clk 01:27:19]} {[%emt 00:02:15]}
O-O {[%clk 01:29:49]} {[%emt 00:00:21]} 10. Re1 {[%clk 01:27:10]} {[%emt
00:00:18]} h6 {[%clk 01:28:37]} {[%emt 00:01:22]} 11. a4 {[%clk 01:26:30]}
{[%emt 00:00:51]} Rb8 {[%clk 01:28:06]} {[%emt 00:00:41]} 12. axb5 {[%clk
01:19:51]} {[%emt 00:06:49]} axb5 {[%clk 01:28:06]} {[%emt 00:00:05]} 13. Qd3
{[%clk 01:06:51]} {[%emt 00:13:09]} Bd7 {[%clk 01:21:09]} {[%emt 00:07:05]} 14.
Nbd2 {[%clk 01:03:56]} {[%emt 00:03:07]} Re8 {[%clk 01:17:36]} {[%emt
00:03:44]} 15. Nf1 {[%clk 01:03:09]} {[%emt 00:00:55]} exd4 {[%clk 01:14:02]}
{[%emt 00:03:45]} 16. cxd4 {[%clk 01:01:43]} {[%emt 00:01:37]} Nb4 {[%clk
01:12:46]} {[%emt 00:01:26]} 17. Qc3 {[%clk 00:57:24]} {[%emt 00:04:28]} c5
{[%clk 01:10:54]} {[%emt 00:02:03]} 18. Ng3 {[%clk 00:56:14]} {[%emt 00:01:19]}
Nc6 {[%clk 01:08:55]} {[%emt 00:02:10]} 19. d5 {[%clk 00:48:55]} {[%emt
00:07:29]} Ba5 {[%clk 01:06:48]} {[%emt 00:02:18]} 20. Rxa5 {[%emt 00:09:46]}
Nxa5 {[%clk 01:05:57]} {[%emt 00:00:31]} 21. Bc2 {[%clk 00:39:48]} {[%emt
00:00:09]} b4 {[%clk 01:05:15]} {[%emt 00:00:53]} 22. Qd2 {[%clk 00:39:02]}
{[%emt 00:00:55]} Nc4 {[%clk 01:04:17]} {[%emt 00:01:08]} 23. Qd1 {[%clk
00:37:59]} {[%emt 00:01:12]} Ne5 {[%clk 01:03:30]} {[%emt 00:00:58]} 24. Nxe5
{[%clk 00:36:22]} {[%emt 00:01:47]} dxe5 {[%clk 01:03:21]} {[%emt 00:00:19]} 25.
b3 {[%clk 00:35:35]} {[%emt 00:00:57]} Qc7 {[%clk 01:02:12]} {[%emt 00:01:20]}
26. Bd3 {[%clk 00:34:35]} {[%emt 00:01:10]} Kh7 {[%clk 00:59:12]} {[%emt
00:03:09]} 27. Rf1 {[%clk 00:32:19]} {[%emt 00:02:26]} Bb5 {[%clk 00:57:43]}
{[%emt 00:01:40]} 28. f4 {[%clk 00:29:42]} {[%emt 00:02:45]} c4 {[%clk
00:55:04]} {[%emt 00:02:51]} 29. bxc4 {[%clk 00:28:29]} {[%emt 00:01:23]} Bxc4
{[%clk 00:54:06]} {[%emt 00:01:08]} 30. fxe5 {[%clk 00:27:23]} {[%emt
00:01:15]} Bxd3 {[%clk 00:47:32]} {[%emt 00:06:44]} 31. Qxd3 {[%clk 00:27:09]}
{[%emt 00:00:24]} Nd7 {[%clk 00:46:05]} {[%emt 00:01:37]} 32. Bb2 {[%clk
00:13:47]} {[%emt 00:13:32]} Nxe5 {[%clk 00:43:47]} {[%emt 00:02:28]} 33. Bxe5
{[%clk 00:13:03]} {[%emt 00:00:54]} Qxe5 {[%clk 00:42:18]} {[%emt 00:01:39]} 34.
Rxf7 {[%clk 00:12:26]} {[%emt 00:00:47]} Qc3 {[%clk 00:42:12]} {[%emt
00:00:16]} 35. Qxc3 {[%clk 00:11:39]} {[%emt 00:00:57]} bxc3 {[%clk 00:42:12]}
{[%emt 00:00:02]} 36. Rc7 {[%clk 00:11:18]} {[%emt 00:00:30]} Rec8 {[%clk
00:41:57]} {[%emt 00:00:25]} 37. Rxc8 {[%clk 00:10:48]} {[%emt 00:00:41]} Rxc8
{[%clk 00:41:57]} {[%emt 00:00:01]} 38. Ne2 {[%clk 00:10:48]} {[%emt 00:00:09]}
c2 {[%clk 00:41:55]} {[%emt 00:00:13]} 39. Kf2 {[%clk 00:10:48]} {[%emt
00:00:04]} c1=Q {[%clk 00:41:55]} {[%emt 00:00:07]} 40. Nxc1 {[%clk 00:10:48]}
{[%emt 00:00:05]} Rxc1 {[%clk 00:41:55]} {[%emt 00:00:03]} 41. Ke3 {[%clk
00:10:48]} {[%emt 00:00:05]} Kg6 {[%clk 00:41:55]} {[%emt 00:00:06]} 42. Kd4
{[%clk 00:10:48]} {[%emt 00:00:05]} Kf6 {[%clk 00:41:55]} {[%emt 00:00:08]} 0-1

[Event "2024 National Elementary (K-6) Championship"]
[Site "Columbus, Ohio, United States"]
[Date "2024.04.27"]
[Round "5.5"]
[White "Ilyasov, Ahmed"]
[Black "Statz, Isaac Hart"]
[Result "0-1"]
[TimeControl "G/90; d10"]
[WhiteFideId "30978840"]
[BlackFideId "39913104"]
[WhiteElo "2027"]
[BlackElo "1808"]

1. e4 {[%clk 01:30:00]} {[%emt 00:00:02]} c5 {[%clk 01:29:25]} {[%emt
00:00:47]} 2. Nf3 {[%clk 01:30:00]} {[%emt 00:00:03]} e6 {[%clk 01:28:55]}
{[%emt 00:00:40]} 3. d4 {[%clk 01:30:00]} {[%emt 00:00:04]} cxd4 {[%clk
01:28:55]} {[%emt 00:00:05]} 4. Nxd4 {[%clk 01:30:00]} {[%emt 00:00:03]} a6
{[%clk 01:28:55]} {[%emt 00:00:06]} 5. Bd3 {[%clk 01:30:00]} {[%emt 00:00:03]}
Qc7 {[%clk 01:27:57]} {[%emt 00:01:06]} 6. O-O {[%clk 01:29:56]} {[%emt
00:00:16]} Nf6 {[%clk 01:27:07]} {[%emt 00:01:00]} 7. b3 {[%clk 01:29:24]}
{[%emt 00:00:42]} Be7 {[%clk 01:25:49]} {[%emt 00:01:27]} 8. Bb2 {[%clk
01:29:24]} {[%emt 00:00:05]} O-O {[%clk 01:24:37]} {[%emt 00:01:22]} 9. Nf3
{[%clk 01:28:05]} {[%emt 00:01:29]} Nc6 {[%clk 01:23:28]} {[%emt 00:01:17]} 10.
Re1 {[%clk 01:27:09]} {[%emt 00:01:07]} d6 {[%clk 01:21:14]} {[%emt 00:02:25]}
11. e5 {[%clk 01:23:54]} {[%emt 00:03:25]} dxe5 {[%clk 01:20:45]} {[%emt
00:00:38]} 12. Nxe5 {[%clk 01:22:47]} {[%emt 00:01:17]} Rd8 {[%clk 01:20:06]}
{[%emt 00:00:48]} 13. Ng4 {[%clk 01:19:38]} {[%emt 00:03:21]} Nxg4 {[%clk
01:17:44]} {[%emt 00:02:31]} 14. Qxg4 {[%clk 01:19:38]} {[%emt 00:00:05]} g6
{[%clk 01:17:25]} {[%emt 00:00:28]} 15. Qh3 {[%clk 01:13:41]} {[%emt 00:06:05]}
Bd7 {[%clk 01:15:33]} {[%emt 00:02:04]} 16. Re3 {[%clk 01:12:20]} {[%emt
00:01:31]} Bg5 {[%clk 01:09:12]} {[%emt 00:06:31]} 17. Re4 {[%clk 01:08:17]}
{[%emt 00:04:13]} e5 {[%clk 01:05:37]} {[%emt 00:03:45]} 18. Qg3 {[%clk
01:07:54]} {[%emt 00:00:31]} Bf4 {[%clk 01:04:47]} {[%emt 00:01:01]} 19. Qh4
{[%clk 01:07:34]} {[%emt 00:00:30]} g5 {[%clk 01:00:55]} {[%emt 00:04:03]} 20.
Qh6 {[%clk 01:06:56]} {[%emt 00:00:47]} Bf5 {[%clk 01:00:27]} {[%emt 00:00:39]}
21. Rxf4 {[%clk 01:06:28]} {[%emt 00:00:38]} gxf4 {[%clk 01:00:19]} {[%emt
00:00:18]} 22. Nc3 {[%clk 01:00:04]} {[%emt 00:06:34]} Bxd3 {[%clk 01:00:10]}
{[%emt 00:00:20]} 23. cxd3 {[%clk 01:00:04]} {[%emt 00:00:04]} Qd6 {[%clk
00:59:55]} {[%emt 00:00:24]} 24. Qh4 {[%clk 00:58:05]} {[%emt 00:02:08]} Qxd3
{[%clk 00:59:07]} {[%emt 00:00:59]} 25. g3 {[%clk 00:58:05]} {[%emt 00:00:05]}
Nd4 {[%clk 00:56:55]} {[%emt 00:02:23]} 26. Qe7 {[%clk 00:57:22]} {[%emt
00:00:53]} Rd7 {[%clk 00:55:03]} {[%emt 00:02:02]} 27. Qc5 {[%clk 00:54:28]}
{[%emt 00:03:03]} fxg3 {[%clk 00:53:07]} {[%emt 00:02:07]} 28. hxg3 {[%clk
00:54:20]} {[%emt 00:00:18]} Qc2 {[%clk 00:50:09]} {[%emt 00:03:08]} 29. Ba3
{[%clk 00:53:27]} {[%emt 00:01:02]} Qxc3 {[%clk 00:49:27]} {[%emt 00:00:52]} 30.
Qxc3 {[%clk 00:51:41]} {[%emt 00:01:57]} Ne2+ {[%clk 00:49:27]} {[%emt
00:00:06]} 31. Kg2 {[%clk 00:51:41]} {[%emt 00:00:03]} Nxc3 {[%clk 00:49:27]}
{[%emt 00:00:04]} 32. Rh1 {[%clk 00:51:41]} {[%emt 00:00:02]} Nxa2 {[%clk
00:48:34]} {[%emt 00:01:02]} 33. Rh4 {[%clk 00:51:41]} {[%emt 00:00:04]} b5
{[%clk 00:47:17]} {[%emt 00:01:27]} 34. Bc5 {[%clk 00:51:22]} {[%emt 00:00:29]}
a5 {[%clk 00:46:06]} {[%emt 00:01:22]} 35. f4 {[%clk 00:50:33]} {[%emt
00:00:58]} exf4 {[%clk 00:45:13]} {[%emt 00:01:03]} 36. gxf4 {[%clk 00:49:55]}
{[%emt 00:00:46]} f5 {[%clk 00:44:59]} {[%emt 00:00:25]} 37. Rh5 {[%clk
00:49:44]} {[%emt 00:00:22]} Rd5 {[%clk 00:44:29]} {[%emt 00:00:39]} 38. Rg5+
{[%clk 00:49:27]} {[%emt 00:00:28]} Kf7 {[%clk 00:44:16]} {[%emt 00:00:23]} 39.
Be3 {[%clk 00:48:36]} {[%emt 00:01:01]} Rg8 {[%clk 00:44:14]} 0-1

[Event "2024 National Elementary (K-6) Championship"]
[Site "Columbus, Ohio, United States"]
[Date "2024.04.27"]
[Round "5.6"]
[White "Wang, Freyr"]
[Black "Han, Leqi"]
[Result "1-0"]
[TimeControl "G/90; d10"]
[WhiteFideId "30967767"]
[BlackFideId "39900436"]
[WhiteElo "1992"]
[BlackElo "1873"]

1. e4 {[%clk 01:28:54]} {[%emt 00:01:15]} e5 {[%clk 01:29:55]} {[%emt
00:00:15]} 2. Nf3 {[%clk 01:28:46]} {[%emt 00:00:18]} Nc6 {[%clk 01:29:43]}
{[%emt 00:00:21]} 3. Bc4 {[%clk 01:28:32]} {[%emt 00:00:26]} Bc5 {[%clk
01:29:28]} {[%emt 00:00:24]} 4. c3 {[%clk 01:28:26]} {[%emt 00:00:15]} Nf6
{[%clk 01:29:26]} {[%emt 00:00:12]} 5. d3 {[%clk 01:28:25]} {[%emt 00:00:12]}
h6 {[%clk 01:28:54]} {[%emt 00:00:40]} 6. O-O {[%clk 01:26:10]} {[%emt
00:02:27]} d6 {[%clk 01:28:08]} {[%emt 00:00:55]} 7. Re1 {[%clk 01:25:27]}
{[%emt 00:00:54]} O-O {[%clk 01:27:22]} {[%emt 00:00:56]} 8. Nbd2 {[%clk
01:24:25]} {[%emt 00:01:11]} Re8 {[%clk 01:26:39]} {[%emt 00:00:52]} 9. Nf1
{[%clk 01:23:58]} {[%emt 00:00:38]} Bb6 {[%emt 00:01:18]} 10. Ng3 {[%clk
01:22:49]} {[%emt 00:00:53]} Be6 {[%clk 01:25:44]} {[%emt 00:00:22]} 11. Bb3
{[%clk 01:21:05]} {[%emt 00:01:56]} Ne7 {[%clk 01:22:59]} {[%emt 00:02:54]} 12.
h3 {[%clk 01:20:14]} {[%emt 00:01:02]} Ng6 {[%clk 01:22:35]} {[%emt 00:00:34]}
13. d4 {[%clk 01:15:27]} {[%emt 00:04:57]} exd4 {[%clk 01:20:36]} {[%emt
00:02:09]} 14. cxd4 {[%clk 01:15:22]} {[%emt 00:00:13]} c5 {[%clk 01:14:57]}
{[%emt 00:05:48]} 15. d5 {[%clk 01:10:18]} {[%emt 00:05:18]} Bd7 {[%clk
01:14:26]} {[%emt 00:00:40]} 16. Bd2 {[%clk 01:09:04]} {[%emt 00:01:23]} a5
{[%clk 01:12:23]} {[%emt 00:02:14]} 17. a4 {[%clk 01:07:42]} {[%emt 00:01:32]}
Bc8 {[%clk 01:09:04]} {[%emt 00:03:28]} 18. Bc4 {[%clk 01:05:57]} {[%emt
00:01:55]} Bd7 {[%clk 01:04:01]} {[%emt 00:05:14]} 19. Bc3 {[%clk 01:00:52]}
{[%emt 00:05:14]} h5 {[%clk 00:53:38]} {[%emt 00:10:34]} 20. Bxf6 {[%clk
00:57:16]} {[%emt 00:03:46]} Qxf6 {[%clk 00:53:38]} {[%emt 00:00:03]} 21. Nxh5
{[%clk 00:56:42]} {[%emt 00:00:45]} Qd8 {[%clk 00:52:48]} {[%emt 00:00:59]} 22.
Qd2 {[%clk 00:55:11]} {[%emt 00:01:38]} Ne5 {[%clk 00:51:54]} {[%emt 00:01:07]}
23. Qc3 {[%clk 00:51:52]} {[%emt 00:03:29]} Nxc4 {[%clk 00:47:36]} {[%emt
00:04:28]} 24. Qxg7# {[%clk 00:51:34]} {[%emt 00:00:28]} 1-0